Je životný štýl manažérov rizikový? stres a nepravidelná strava vás dostanú do nemocnice a skrátia vám život
Rýchle zmeny vo vývoji spoločnosti a psychogénny stres. Pracovný stres ovplyvňuje riziko chronických ochorení rôznych profesijných skupín. Životný štýl manažérov a vysoká záťaž stresov. Faktory životného štýlu a dôsledky na zdraví. Najčastejšie zdroje stresu a prevencia.
Saved in:
| Main Author: | |
|---|---|
| Format: | Book Chapter |
| Language: | Slovak |
| Subjects: | |
| Tags: |
No Tags, Be the first to tag this record!
|
MARC
| LEADER | 00000naa$a2200000$$$4500 | ||
|---|---|---|---|
| 001 | 0110049 | ||
| 005 | 20220725111417.5 | ||
| 041 | 0 | |a slo | |
| 044 | |a SK | ||
| 245 | 1 | 0 | |a Je životný štýl manažérov rizikový? |b stres a nepravidelná strava vás dostanú do nemocnice a skrátia vám život |c Jana Jurkovičová |
| 520 | |a Rýchle zmeny vo vývoji spoločnosti a psychogénny stres. Pracovný stres ovplyvňuje riziko chronických ochorení rôznych profesijných skupín. Životný štýl manažérov a vysoká záťaž stresov. Faktory životného štýlu a dôsledky na zdraví. Najčastejšie zdroje stresu a prevencia. | ||
| 610 | 2 | 0 | |a manažéri |
| 610 | 2 | 0 | |a pracovníci riadiaci |
| 610 | 2 | 0 | |a náročnosť profesionálna |
| 610 | 2 | 0 | |a práca duševná |
| 610 | 2 | 0 | |a štýl životný |
| 610 | 2 | 0 | |a stresy |
| 610 | 2 | 0 | |a prevencia |
| 100 | 1 | |a Jurkovičová, Jana | |